000 00868nam a22003490a 4500
001 PT29285
003 AR-LpoUNG
005 20210201010629.0
008 201001s2007||||ag |||||||||||||||||spa d
020 _a9789871326105
_c$15.72
040 _aAR-LpoUNG
_bspa
_eaacr
041 _aspa
044 _aag
082 0 _aA861 557pay
100 1 _aHernández, José
245 1 0 _aPayada gaucha
250 _a1§ edición
260 _aBuenos Aires :
_bUNLa,
_c2007.
300 _a322 p. :
_bil.
_3Impreso
490 0 _aPensamiento Nacional
650 4 _aARGENTINA
650 4 _aLITERATURA
650 4 _aPOESIA
651 4 _aArgentina
653 _aPOESIA GAUCHESCA
700 1 _aArotxarena, Rodolfo
_eil.
700 1 _aDuarte, Roberto
_eil.
700 1 _aJaramillo, Ana
_epról.
700 1 _aLussich, Antonio D.
905 _a29285
942 _cLIB
999 _c52068
_d52068